| 000 | 00399nam a2200169Ia 4500 | ||
|---|---|---|---|
| 008 | 230711s9999||||xx |||||||||||||| ||und|| | ||
| 041 | _aENG | ||
| 082 |
_a720 _bSH-O |
||
| 100 | _aShobita Punja | ||
| 245 | 0 | _aOur world in colour : Banaras | |
| 250 | _a1st | ||
| 260 |
_c1992 _aNew Delhi _bGuide Book Competetion |
||
| 300 | _a84 | ||
| 650 | _aArchitecture | ||
| 700 | _aPankaj Shah | ||
| 942 | _cBK | ||
| 999 |
_c2183 _d2183 |
||